[Event "British Chess Championships 2023: British Championship"]
[Site "The Venue, De Montfort University, 20 Western Boulevard, Leicester, LE2 7BU"]
[Date "2023.07.22"]
[Round "1"]
[Board "24"]
[White "Cox, Toby"]
[Black "Rudd, Jack"]
[Result "0-1"]
[WhiteElo "1967"]
[BlackElo "2276"]
[PlyCount "0"]
[EventDate "2023.07.22"]
[EventRounds "9"]
[EventCountry "ENG"]

1. e4 c6 2. d4 d5 3. exd5 cxd5 4. c4 Nf6 5. Nc3 Nc6 6. Bg5 Be6 7. a3 h6 8. Bxf6 exf6
9. c5 Be7 10. Bb5 O-O 11. Nge2 Qc7 12. O-O b6 13. b4 a5 14. Nf4 Qxf4 15. Bxc6 axb4
16. Ne2 Qg4 17. Bxa8 Rxa8 18. f3 Qg5 19. axb4 Qe3+ 20. Rf2 Rb8 21. Qc1 Qd3 22. Qf4
Re8 23. Nc1 Qc3 24. Rb1 bxc5 25. dxc5 Bf5 26. Na2 Qe5 27. Qxe5 fxe5 28. Rc1 d4 29.
Rb2 Bg5 30. Rd1 Be3+ 31. Kh1 d3 32. c6 Bd4 33. Rb3 Be6 34. Rdxd3 Bxb3 35. Rxb3 Ra8
36. c7 Rc8 37. h3 Rxc7 38. b5 Rb7 39. Nc1 Kf8 40. Ne2 Bc5 41. Nc3 Ke7 42. Kh2 Ke6
43. Kg3 f5 44. h4 g6 45. h5 g5 46. Kh3 Bd4 47. Ne2 Kd5 48. Ng3 Ke6 49. Ra3 Rxb5 50.
Ra8 Rb3 51. Rh8 g4+ 52. Kh2 gxf3 53. Rxh6+ Kd5 54. gxf3 Rxf3 55. Rh7 e4 56. Rd7+
Kc4 57. h6 Be5 58. Rg7 e3 59. Kg2 Rf2+ 60. Kg1 Ra2 61. Rg5 Bd4  0-1

[Event "British Chess Championships 2023: British Championship"]
[Site "The Venue, De Montfort University, 20 Western Boulevard, Leicester, LE2 7BU"]
[Date "2023.07.22"]
[Round "1"]
[Board "25"]
[White "Khandelwal, Ankush"]
[Black "Badacsonyi, Frankie"]
[Result "1-0"]
[WhiteElo "2276"]
[BlackElo "1966"]
[PlyCount "0"]
[EventDate "2023.07.22"]
[EventRounds "9"]
[EventCountry "ENG"]

1. e4 c6 2. d4 d5 3. e5 Bf5 4. h4 h5 5. Bd3 Bxd3 6. Qxd3 Qa5+ 7. Nd2 e6 8. Ngf3 Nh6
9. O-O Nf5 10. Nb3 Qb5 11. Qd1 c5 12. dxc5 Bxc5 13. a4 Qb6 14. Nxc5 Qxc5 15. Bg5
Nc6 16. c3 Rc8 17. Re1 Qb6 18. b4 a5 19. bxa5 Nxa5 20. Rb1 Qc6 21. Nd4 Nxd4 22. cxd4
Nc4 23. Qb3 b6 24. Qb4 Qd7 25. Rb3 Ra8 26. Ra1 Ra7 27. a5 b5 28. a6 Rf8 29. Qc5 f6
30. Rxb5 Kf7 31. exf6 gxf6 32. Bf4 Kg8 33. Rab1 Rxa6 34. Rb7 Qe8 35. Rb8  1-0

[Event "British Chess Championships 2023: British Championship"]
[Site "The Venue, De Montfort University, 20 Western Boulevard, Leicester, LE2 7BU"]
[Date "2023.07.22"]
[Round "1"]
[Board "26"]
[White "Koiza, Peter"]
[Black "Merriman, John"]
[Result "0-1"]
[WhiteElo "1963"]
[BlackElo "2274"]
[PlyCount "0"]
[EventDate "2023.07.22"]
[EventRounds "9"]
[EventCountry "ENG"]

1. d4 e6 2. c4 Nf6 3. Nf3 c5 4. d5 exd5 5. cxd5 d6 6. Nc3 g6 7. e4 Bg7 8. h3 O-O
9. Bd3 b5 10. Nxb5 Nxe4 11. Bxe4 Re8 12. Nd2 Ba6 13. a4 Qa5 14. Nxd6 Rd8 15. Nb5
Bxb5 16. axb5 Qxa1 17. d6 Nd7 18. Bxa8 Rxa8 19. O-O Qa5 20. Qe2 Rb8 21. Re1 Bf8 22.
Nc4 Qxb5 23. Bg5 h6 24. Be7 Bg7 25. Qe4 Bd4 26. Qd5 Qb4 27. Re4 Qb7 28. Qxb7 Rxb7
29. Bd8 Bxb2 30. Re7 Bf6 31. Rxd7 Rxd7 32. Bxf6 Kf8 33. Be7+ Ke8 34. Na5 a6 35. Kf1
Ra7 36. Ke2 Kd7 37. Nc4 Rb7 38. Kd3 Rb3+ 39. Kc2 Rb5  0-1

[Event "British Chess Championships 2023: British Championship"]
[Site "The Venue, De Montfort University, 20 Western Boulevard, Leicester, LE2 7BU"]
[Date "2023.07.22"]
[Round "1"]
[Board "27"]
[White "Kolbus, Dietmar"]
[Black "Alldritt, Nigel Re"]
[Result "0-1"]
[WhiteElo "2270"]
[BlackElo "1962"]
[PlyCount "0"]
[EventDate "2023.07.22"]
[EventRounds "9"]
[EventCountry "ENG"]

1. c4 e5 2. g3 c6 3. d4 e4 4. d5 cxd5 5. cxd5 Nf6 6. Nc3 Bb4 7. Bd2 O-O 8. a3 Bc5
9. b4 Bxf2+ 10. Kxf2 e3+ 11. Kg2 exd2 12. e4 d6 13. Qxd2 a5 14. Rb1 axb4 15. axb4
Bg4 16. Bd3 Nbd7 17. h3 Bh5 18. g4 Bg6 19. Nf3 Qe7 20. Rhe1 Ne5 21. Nd4 h5 22. Nf5
Bxf5 23. gxf5 Nh7 24. Bf1 Qh4 25. Rb3 Ng5 26. Re3 Ra1 27. Qf2 Qxf2+ 28. Kxf2 Ngf3
29. Rb2 g5 30. Be2 g4 31. hxg4 hxg4 32. Nb5 Kg7 33. Ra3 Rxa3 34. Nxa3 Rh8 35. Rc2
Rh2+ 36. Ke3 Ne1 37. Rc1 Ng2+ 38. Kd4 Nf4 39. Bb5 g3 40. Ke3 g2 41. Kxf4 Rh1 42.
Kg3 Rxc1 43. Kxg2 Rc3 44. Nb1 Rb3  0-1

[Event "British Chess Championships 2023: British Championship"]
[Site "The Venue, De Montfort University, 20 Western Boulevard, Leicester, LE2 7BU"]
[Date "2023.07.22"]
[Round "1"]
[Board "28"]
[White "Szekely, Virgil"]
[Black "Beaumont, Chris R"]
[Result "1/2-1/2"]
[WhiteElo "1957"]
[BlackElo "2262"]
[PlyCount "0"]
[EventDate "2023.07.22"]
[EventRounds "9"]
[EventCountry "ENG"]

1. e4 c5 2. Nf3 g6 3. c3 d5 4. exd5 Qxd5 5. d4 Nc6 6. Be2 Bg7 7. c4 Qd6 8. d5 Nd4
9. Nc3 Nxe2 10. Ne4 Qb6 11. Qxe2 Nf6 12. Nc3 O-O 13. O-O e6 14. h3 exd5 15. cxd5
Re8 16. Be3 Ne4 17. Nxe4 Rxe4 18. Qc2 Bf5 19. Qxc5 Qxc5 20. Bxc5 Bxb2 21. Rad1 b6
22. Bd4 Re2 23. Rfe1 Rxe1+ 24. Nxe1 Bxd4 25. Rxd4 Rd8 26. Nf3 f6 27. a3 Kf7 28. Ra4
a5 29. Rd4 Ke7 30. Kh2 Kd6 31. g4 Bc8 32. g5 fxg5 33. Nxg5 Kc5 34. Rd2 Rxd5 35. Ne4+
Kc6 36. Rc2+ Kb7 37. Rc3 h6 38. h4 Bf5 39. f3 Bxe4 40. fxe4 Rd4 41. Re3 Kc6 42. Kg3
b5 43. Kf4 Kd6 44. Rg3 Kc6 45. Re3 Kc5 46. h5 gxh5 47. Kf5 Kc4 48. e5 b4 49. axb4
axb4 50. e6 Rd8 51. e7 Re8 52. Kf6 b3 53. Kf7 b2 54. Re1 Rxe7+ 55. Kxe7 Kc3 56. Kf7
Kc2 57. Kg6 h4 58. Kh5 h3 59. Kh4 h2 60. Kh3  1/2-1/2

[Event "British Chess Championships 2023: British Championship"]
[Site "The Venue, De Montfort University, 20 Western Boulevard, Leicester, LE2 7BU"]
[Date "2023.07.22"]
[Round "1"]
[Board "29"]
[White "Toma, Katarzyna"]
[Black "Jackson, Edward"]
[Result "1/2-1/2"]
[WhiteElo "2259"]
[BlackElo "1942"]
[PlyCount "0"]
[EventDate "2023.07.22"]
[EventRounds "9"]
[EventCountry "ENG"]

1. e4 c6 2. d4 d5 3. exd5 cxd5 4. Bd3 Nc6 5. c3 Nf6 6. Ne2 Bg4 7. O-O e6 8. Qe1 Bd6
9. f3 Bh5 10. Qh4 Ne7 11. Nf4 Bxf4 12. Bxf4 Ng6 13. Bb5+ Ke7 14. Qg3 Nxf4 15. Qxf4
Qd6 16. Qe3 Bg6 17. Nd2 Rhc8 18. Bd3 Kf8 19. f4 Kg8 20. Rf3 Bf5 21. Raf1 a6 22. Rg3
g6 23. Qe5 Qxe5 24. fxe5 Nh5 25. Rgf3 Ng7 26. h3 Bxd3 27. Rxd3 Nf5 28. Rdf3 Rc7 29.
Kh2 Kg7 30. Nb3 h5 31. g3 b6 32. Nc1 Rh8 33. Nd3 Rb7 34. Kg1 Rc7 35. R1f2 h4 36.
g4 Ng3 37. Rg2 g5 38. Re3 Ne4 39. Rge2 Ng3  1/2-1/2

[Event "British Chess Championships 2023: British Championship"]
[Site "The Venue, De Montfort University, 20 Western Boulevard, Leicester, LE2 7BU"]
[Date "2023.07.22"]
[Round "1"]
[Board "30"]
[White "Weersing, Abigail R"]
[Black "Turner, Max N"]
[Result "1-0"]
[WhiteElo "1919"]
[BlackElo "2252"]
[PlyCount "0"]
[EventDate "2023.07.22"]
[EventRounds "9"]
[EventCountry "ENG"]

1. d4 Nf6 2. c4 e6 3. Nc3 d5 4. Nf3 Be7 5. Bg5 O-O 6. e3 h6 7. Bh4 b6 8. cxd5 Nxd5
9. Bxe7 Qxe7 10. Rc1 Bb7 11. Be2 Rd8 12. Qa4 c5 13. Nxd5 Bxd5 14. dxc5 bxc5 15. Qa3
Rc8 16. O-O Nd7 17. Rfd1 Kf8 18. Rd2 Rab8 19. b3 Rc7 20. Qa5 Rb6 21. Rdc2 Qd6 22.
Nd2 Qc6 23. f3 Qb7 24. e4 Bc6 25. Nc4 Rb4 26. Qa3 Qb8 27. Qb2 Rc8 28. Rd1 Rd8 29.
Rcd2 f6 30. Rd6 Bb5 31. a3 Bxc4 32. axb4 Bd5 33. bxc5 Qb4 34. Qd4  1-0

[Event "British Chess Championships 2023: British Championship"]
[Site "The Venue, De Montfort University, 20 Western Boulevard, Leicester, LE2 7BU"]
[Date "2023.07.22"]
[Round "1"]
[Board "31"]
[White "Yao, Lan"]
[Black "Gardiner, Eric D"]
[Result "1-0"]
[WhiteElo "2242"]
[BlackElo "1843"]
[PlyCount "0"]
[EventDate "2023.07.22"]
[EventRounds "9"]
[EventCountry "ENG"]

1. e4 d6 2. d4 Nf6 3. Nc3 e5 4. Nf3 Nbd7 5. Bc4 Be7 6. O-O O-O 7. h3 exd4 8. Nxd4
Ne5 9. Be2 Nc6 10. f4 Nxd4 11. Qxd4 c5 12. Qf2 a6 13. a4 Bd7 14. Be3 Bc6 15. Bf3
Qc7 16. Qg3 Rad8 17. e5 Nd7 18. Bxc6 Qxc6 19. Rad1 dxe5 20. Nd5 Rfe8 21. fxe5 Bf8
22. Bg5 Ra8 23. Rf5 Re6 24. Bf6 g6 25. Rff1 Rae8 26. Qf4 Nxf6 27. Nxf6+ Rxf6 28.
exf6 Re2 29. Qf3 Qe6 30. Rf2 Re1+ 31. Rxe1 Qxe1+ 32. Rf1 Qb4 33. b3 c4 34. Kh1 b5
35. axb5 axb5 36. Qd5 cxb3 37. cxb3 h6 38. Rd1 g5 39. Rf1 g4 40. hxg4 Qxg4 41. Qf5
Qh4+ 42. Qh3 Qxh3+ 43. gxh3 Kh7 44. Rg1  1-0

[Event "British Chess Championships 2023: British Championship"]
[Site "The Venue, De Montfort University, 20 Western Boulevard, Leicester, LE2 7BU"]
[Date "2023.07.23"]
[Round "2"]
[Board "2"]
[White "Pert, Nicholas"]
[Black "Bates, Richard A"]
[Result "1/2-1/2"]
[WhiteElo "2536"]
[BlackElo "2324"]
[PlyCount "0"]
[EventDate "2023.07.22"]
[EventRounds "9"]
[EventCountry "ENG"]

1. d4 Nf6 2. c4 g6 3. Nc3 Bg7 4. Nf3 O-O 5. Bg5 d6 6. e3 c5 7. d5 h6 8. Bh4 e6 9.
Nd2 exd5 10. cxd5 b6 11. Be2 Ba6 12. O-O Qd7 13. a4 Bb7 14. Nc4 Ne8 15. Qb3 Nc7 16.
Rfd1 Ba6 17. Bg3 Bxc4 18. Bxc4 Qe7 19. Bb5 Nd7 20. Bxd7 Qxd7 21. Ne4 Ne8 22. Nd2
Nf6 23. h3 Rfe8 24. Nc4 Bf8 25. Qb5 Rad8 26. Qxd7 Rxd7 27. f3 Nh5 28. Bh2 f5 29.
g4 Nf6 30. Ra3 Rb8 31. Rb3 Rdd8 32. Kf2 Kf7 33. Kg3 Be7 34. Rdd3 h5 35. g5 h4+ 36.
Kf2 Ne8 37. Bf4 Ng7 38. e4 Nh5 39. Bh2 f4 40. e5 Bxg5 41. Rb5 a6 42. e6+ Ke7 43.
Rxb6 Rxb6 44. Nxb6 Rb8 45. a5  1/2-1/2

[Event "British Chess Championships 2023: British Championship"]
[Site "The Venue, De Montfort University, 20 Western Boulevard, Leicester, LE2 7BU"]
[Date "2023.07.23"]
[Round "2"]
[Board "3"]
[White "Ashton, Adam G"]
[Black "Fernandez, Daniel H"]
[Result "0-1"]
[WhiteElo "2314"]
[BlackElo "2518"]
[PlyCount "0"]
[EventDate "2023.07.22"]
[EventRounds "9"]
[EventCountry "ENG"]

1. e4 c5 2. Nf3 e6 3. c3 Nf6 4. e5 Nd5 5. d4 cxd4 6. cxd4 b6 7. Nc3 Nxc3 8. bxc3
Qc7 9. Bd2 d6 10. Bd3 Nd7 11. O-O Bb7 12. Bf4 dxe5 13. Nxe5 Nxe5 14. Bxe5 Bd6 15.
Bb5+ Kf8 16. Re1 Rd8 17. Qb3 h5 18. h3 h4 19. Bd3 Bd5 20. Bxd6+ Qxd6 21. c4 Ba8 22.
Be4 Rh6 23. Bxa8 Rxa8 24. Red1 Rf6 25. Rac1 Qf4 26. Qa3+ Kg8 27. Qe3 Rc8 28. Rd3
Qxe3 29. fxe3 Kf8 30. Ra3 Rc7 31. Ra6 e5 32. d5 Ke7 33. e4 Rf4 34. c5 Kd7 35. Rf1
bxc5 36. Rxf4 exf4 37. Kf2 c4 38. Ke2 Rb7 39. e5 Ke8 40. Kd2 Rb5 41. Rd6 Rb6 42.
Rxb6 axb6 43. a4 g5  0-1

[Event "British Chess Championships 2023: British Championship"]
[Site "The Venue, De Montfort University, 20 Western Boulevard, Leicester, LE2 7BU"]
[Date "2023.07.23"]
[Round "2"]
[Board "4"]
[White "Gasanov, Eldar"]
[Black "Ledger, Andrew J"]
[Result "1-0"]
[WhiteElo "2481"]
[BlackElo "2299"]
[PlyCount "0"]
[EventDate "2023.07.22"]
[EventRounds "9"]
[EventCountry "ENG"]

1. d4 Nf6 2. c4 g6 3. Nc3 d5 4. Nf3 Bg7 5. cxd5 Nxd5 6. Bd2 O-O 7. Rc1 Nb6 8. Bg5
Nc6 9. e3 a6 10. Be2 h6 11. Bh4 Qd7 12. O-O e5 13. dxe5 Nxe5 14. Ne4 Qf5 15. Nf6+
Bxf6 16. Nd4 Bxh4 17. Nxf5 Bxf5 18. Rxc7 Rab8 19. Qd4 Bf6 20. Qxb6 Bd8 21. Qd6 Bxc7
22. Qxc7 Nc6 23. Bc4 Rbc8 24. Qb6 Nd8 25. Bd5 Re8 26. Rd1 Kg7 27. Bxb7 Nxb7 28. Qxb7
Red8 29. Qf3 Be4 30. Rxd8 Rxd8 31. Qe2 Rc8 32. f3 Rc1+ 33. Kf2 Bb1 34. Qxa6  1-0

[Event "British Chess Championships 2023: British Championship"]
[Site "The Venue, De Montfort University, 20 Western Boulevard, Leicester, LE2 7BU"]
[Date "2023.07.23"]
[Round "2"]
[Board "5"]
[White "Rudd, Jack"]
[Black "Grieve, Harry"]
[Result "1/2-1/2"]
[WhiteElo "2276"]
[BlackElo "2459"]
[PlyCount "0"]
[EventDate "2023.07.22"]
[EventRounds "9"]
[EventCountry "ENG"]

1. d4 d5 2. c4 e6 3. Nc3 c5 4. cxd5 exd5 5. Nf3 Nf6 6. g3 Nc6 7. Bg2 Be7 8. O-O O-O
9. Bg5 c4 10. b3 Qa5 11. Qc2 Bg4 12. e3 Bb4 13. Bxf6 Bxf3 14. Bxf3 Bxc3 15. Rac1
Bd2 16. bxc4 gxf6 17. Rcd1 Bb4 18. Bxd5 Rac8 19. c5 b6 20. Qe4 Rfe8 21. Qg4+ Kf8
22. Qh5 Nd8 23. Qf5 Rc7 24. Qxf6 bxc5 25. dxc5 Bc3 26. Qh6+ Bg7 27. Qxh7 Rxc5 28.
Bb3 Rh5 29. Qd3 Ne6 30. Qd6+ Kg8 31. Qd7 Kf8 32. Rc1 Qf5 33. Rc8 Rxc8 34. Qxc8+ Ke7
35. Rd1 Kf6 36. h4 Qc5 37. Bxe6 fxe6 38. Qb7 Qb6 39. Qe4 Re5 40. Qh7 Rxe3 41. fxe3
Qxe3+ 42. Kf1 Qf3+ 43. Ke1 Qe3+ 44. Kf1 Qf3+ 45. Ke1 Qe3+  1/2-1/2

[Event "British Chess Championships 2023: British Championship"]
[Site "The Venue, De Montfort University, 20 Western Boulevard, Leicester, LE2 7BU"]
[Date "2023.07.23"]
[Round "2"]
[Board "6"]
[White "Khandelwal, Ankush"]
[Black "Wadsworth, Matthew J"]
[Result "1/2-1/2"]
[WhiteElo "2276"]
[BlackElo "2431"]
[PlyCount "0"]
[EventDate "2023.07.22"]
[EventRounds "9"]
[EventCountry "ENG"]

1. e4 c6 2. d4 d5 3. e5 Bf5 4. h4 h5 5. Bd3 Bxd3 6. Qxd3 Qa5+ 7. Nd2 e6 8. Ngf3 Nh6
9. O-O Nf5 10. Nb3 Qb5 11. Qd1 c5 12. dxc5 Bxc5 13. a4 Qb6 14. Nxc5 Qxc5 15. c3 Nc6
16. Bg5 Rc8 17. Re1 Qb6 18. b3 Nce7 19. Bxe7 Nxe7 20. Nd4 a6 21. Qd2 Nc6 22. Nf3
Ne7 23. Nd4  1/2-1/2

[Event "British Chess Championships 2023: British Championship"]
[Site "The Venue, De Montfort University, 20 Western Boulevard, Leicester, LE2 7BU"]
[Date "2023.07.23"]
[Round "2"]
[Board "7"]
[White "Merriman, John"]
[Black "Willow, Jonah B"]
[Result "1/2-1/2"]
[WhiteElo "2274"]
[BlackElo "2421"]
[PlyCount "0"]
[EventDate "2023.07.22"]
[EventRounds "9"]
[EventCountry "ENG"]

1. d4 Nf6 2. c4 e6 3. Nc3 Bb4 4. e3 O-O 5. Bd3 d5 6. Nf3 b6 7. a3 Bxc3+ 8. bxc3 dxc4
9. Bxc4 Bb7 10. O-O c5 11. Bb2 Qc7 12. Ba2 Nbd7 13. c4 cxd4 14. exd4 Qf4 15. d5 Nc5
16. Be5 Qf5 17. Qd4 Ncd7 18. Bd6 Rfe8 19. Rfd1 exd5 20. cxd5 Rac8 21. h3 Re2 22.
Bb1 Qh5 23. Bd3 Ree8 24. Bf1 Re4 25. Qb2 Bxd5 26. Rac1 Rxc1 27. Rxc1 Re8 28. Nd4
Ne4 29. Bf4 Ndc5 30. f3 Ng5 31. Rd1 Qg6 32. Kh1 Nge6 33. Nxe6 Qxe6 34. Qd4 Bb3 35.
Rc1 h6 36. Bb5 Rf8 37. Bg3 a6 38. Bf1 Qg6 39. Bc7 Rc8 40. Bf4 Qe6 41. Be5 f6 42.
Bg3 a5 43. Re1 Qd5 44. Qxd5+ Bxd5 45. Rd1 Bc6 46. Rb1 Na4 47. Bf2 Be8 48. Re1 Bd7
49. Bd4 b5 50. Re7 Rc7 51. Kh2 Kf8 52. Re1 Rc2 53. Rb1 Rd2 54. Be3 Rb2 55. Rxb2 Nxb2
56. Bd2 a4 57. Bc3 Nc4 58. Bxc4 bxc4 59. Kg3 Kf7 60. Kf4 Kg6 61. Bd2 Bf5 62. Be1
Bd3 63. g3 Kf7 64. h4 Ke6 65. Ke3 Kf5 66. g4+ Ke6 67. h5 Bc2 68. Bb4 Bd1 69. Bc3
Kf7 70. Kf4 g6 71. hxg6+ Kxg6 72. Bd4  1/2-1/2

[Event "British Chess Championships 2023: British Championship"]
[Site "The Venue, De Montfort University, 20 Western Boulevard, Leicester, LE2 7BU"]
[Date "2023.07.23"]
[Round "2"]
[Board "8"]
[White "Chopra, Tanmay"]
[Black "Yao, Lan"]
[Result "1/2-1/2"]
[WhiteElo "2377"]
[BlackElo "2242"]
[PlyCount "0"]
[EventDate "2023.07.22"]
[EventRounds "9"]
[EventCountry "ENG"]

1. d4 Nf6 2. c4 e6 3. Nf3 d5 4. Nc3 Bb4 5. cxd5 exd5 6. Bg5 h6 7. Bh4 g5 8. Bg3 Ne4
9. Nd2 Nxg3 10. hxg3 c6 11. e4 Qe7 12. Qb3 Be6 13. a3 Ba5 14. O-O-O dxe4 15. Bc4
Nd7 16. Bxe6 Qxe6 17. Qxe6+ fxe6 18. Ncxe4 Ke7 19. Nc4 Bc7 20. Rde1 Rad8 21. Ne3
Bb6 22. Ng4 h5 23. Nxg5 Nf8 24. Ne5 Rxd4 25. Ng6+ Nxg6 26. Rxe6+ Kd7 27. Rxg6 Re8
28. Rxh5 Rc4+ 29. Kd1 Bxf2 30. Rh7+ Re7 31. Rxe7+ Kxe7 32. Nf3 Kd8 33. Rg7 Kc8 34.
g4 a5 35. g5 Rg4 36. Ke2 Bc5 37. Kf1 Bd6 38. g6 b5 39. Rg8+ Kd7 40. g7 Ke7 41. Nd4
Kf7 42. Ra8 Be5 43. Nf5 Bxg7 44. Ra7+ Kf6 45. Nxg7 Rxg7 46. Rxg7 Kxg7 47. b3 Kf6
48. Ke2 Ke5 49. Kd3 Kd5 50. a4 Kc5 51. g4 bxa4 52. bxa4 Kd5 53. g5 Ke5 54. Kc4 Kf5
55. Kc5 Kxg5 56. Kb6 Kf6 57. Kxa5 Ke7 58. Kb6 Kd7 59. a5 Kc8 60. Kxc6 Kb8  1/2-1/2

[Event "British Chess Championships 2023: British Championship"]
[Site "The Venue, De Montfort University, 20 Western Boulevard, Leicester, LE2 7BU"]
[Date "2023.07.23"]
[Round "2"]
[Board "9"]
[White "Alldritt, Nigel Re"]
[Black "Kanyamarala, Tarun"]
[Result "0-1"]
[WhiteElo "1962"]
[BlackElo "2344"]
[PlyCount "0"]
[EventDate "2023.07.22"]
[EventRounds "9"]
[EventCountry "ENG"]

1. d4 f5 2. g3 Nf6 3. Bg2 g6 4. Nf3 Bg7 5. O-O O-O 6. b3 d6 7. Bb2 c6 8. Nbd2 a5
9. a3 Na6 10. c4 e5 11. dxe5 Nd7 12. e4 f4 13. Qc2 dxe5 14. Rfd1 Qe7 15. Bc3 g5 16.
g4 h5 17. h3 hxg4 18. hxg4 Nf6 19. Nxe5 Nxg4 20. Nxg4 Bxg4 21. Bxg7 Qxg7 22. f3 Be6
23. Rac1 Nc5 24. b4 axb4 25. axb4 Na6 26. Rb1 Qd4+ 27. Kf1 b5 28. Qb2 Rfd8 29. Qxd4
Rxd4 30. cxb5 cxb5 31. Ke1 Nxb4 32. Bf1 Nc2+ 33. Ke2 Ne3 34. Rdc1 Ra2  0-1

[Event "British Chess Championships 2023: British Championship"]
[Site "The Venue, De Montfort University, 20 Western Boulevard, Leicester, LE2 7BU"]
[Date "2023.07.23"]
[Round "2"]
[Board "10"]
[White "Kanyamarala, Trisha"]
[Black "Pollack, Oscar"]
[Result "1/2-1/2"]
[WhiteElo "2344"]
[BlackElo "2096"]
[PlyCount "0"]
[EventDate "2023.07.22"]
[EventRounds "9"]
[EventCountry "ENG"]

1. d4 e6 2. c4 Nf6 3. Nc3 Bb4 4. e3 b6 5. Bd2 Bb7 6. Nf3 O-O 7. Bd3 Bxc3 8. Bxc3
Ne4 9. Rc1 d6 10. O-O Nd7 11. Be1 f5 12. Nd2 Qg5 13. f4 Qe7 14. Nxe4 fxe4 15. Be2
e5 16. c5 dxc5 17. dxe5 Rad8 18. Qa4 a5 19. a3 Kh8 20. Bg3 c4 21. Qxc4 Nc5 22. Qc3
Qe6 23. h3 Rd3 24. Qe1 Rxe3 25. f5 Qd5 26. Qf2 Rd3 27. f6 gxf6 28. Bh4 f5 29. Bf6+
Rxf6 30. exf6 f4 31. Rxc5 bxc5 32. Bxd3 exd3 33. f7 Kg7 34. f8=Q+ Kxf8 35. Qxf4+
Ke8 36. Qf8+ Kd7 37. Qf7+ Qxf7 38. Rxf7+ Ke6 39. Rf1 Ke5 40. Kf2 Kd4 41. Rd1 c4 42.
g4 c5 43. Rg1 Be4  1/2-1/2

[Event "British Chess Championships 2023: British Championship"]
[Site "The Venue, De Montfort University, 20 Western Boulevard, Leicester, LE2 7BU"]
[Date "2023.07.23"]
[Round "2"]
[Board "11"]
[White "Volovich, Julia"]
[Black "Derakhshani, Borna"]
[Result "1/2-1/2"]
[WhiteElo "1811"]
[BlackElo "2341"]
[PlyCount "0"]
[EventDate "2023.07.22"]
[EventRounds "9"]
[EventCountry "ENG"]

1. d4 d5 2. c4 e6 3. Nc3 Nf6 4. cxd5 exd5 5. Bg5 c6 6. e3 Be7 7. Bd3 Nbd7 8. h3 Nf8
9. Qc2 Ng6 10. Nf3 Qd6 11. O-O O-O 12. Nh4 Ng4 13. hxg4 Bxg5 14. Nf5 Bxf5 15. gxf5
Nh8 16. e4 dxe4 17. Nxe4 Qh6 18. Nxg5 Qxg5 19. Rfe1 Rfd8 20. Re4 g6 21. Rae1 gxf5
22. Re5 Ng6 23. Rxf5 Qg4 24. Re4 Qxf5 25. Re8+ Rxe8 26. Bxf5 Rad8 27. Qa4 a6 28.
Qb4 b5 29. Qc3 Rd6 30. g3 Red8 31. Be4 Ne7 32. Qe3 Rxd4 33. Bxh7+ Kxh7 34. Qxe7 R8d7
35. Qa3 Rd2 36. Qxa6 Rc2 37. Qc8 Rdd2 38. Qf5+ Kg7 39. Qg5+ Kf8 40. Qh6+ Ke7 41.
Qg5+ Kd7 42. Qf5+ Ke8 43. Qe5+ Kf8  1/2-1/2

[Event "British Chess Championships 2023: British Championship"]
[Site "The Venue, De Montfort University, 20 Western Boulevard, Leicester, LE2 7BU"]
[Date "2023.07.23"]
[Round "2"]
[Board "12"]
[White "Balaji, Aaravamudhan"]
[Black "Weersing, Abigail R"]
[Result "1-0"]
[WhiteElo "2334"]
[BlackElo "1919"]
[PlyCount "0"]
[EventDate "2023.07.22"]
[EventRounds "9"]
[EventCountry "ENG"]

1. Nf3 Nf6 2. c4 e6 3. g3 d5 4. Bg2 c6 5. b3 Be7 6. O-O O-O 7. Bb2 Nbd7 8. d3 a5
9. Nbd2 a4 10. Qc2 Qb6 11. e4 dxe4 12. dxe4 Nc5 13. e5 Nfd7 14. Bd4 Qc7 15. Rad1
h6 16. h4 b6 17. Bc3 axb3 18. axb3 Bb7 19. Rfe1 Ra7 20. Ra1 Rfa8 21. Rxa7 Rxa7 22.
Nf1 Na6 23. Qd2 Ndc5 24. Qc2 Nd7 25. N1h2 Nb4 26. Qb1 Na2 27. Bd2 Bb4 28. Qc2 Bc5
29. Ng4 Nb4 30. Qe4 Bf8 31. Nxh6+ gxh6 32. Qg4+ Kh7 33. Qh5 Nb8 34. Ng5+ Kg8 35.
Be4 c5 36. Nh7 Bxe4 37. Nf6+ Kh8 38. Rxe4 Bg7 39. Bxh6 Bxf6 40. exf6 Ra1+ 41. Kh2
 1-0

[Event "British Chess Championships 2023: British Championship"]
[Site "The Venue, De Montfort University, 20 Western Boulevard, Leicester, LE2 7BU"]
[Date "2023.07.23"]
[Round "2"]
[Board "13"]
[White "Hebden, Mark L"]
[Black "Mihalik, Agoston"]
[Result "1/2-1/2"]
[WhiteElo "2436"]
[BlackElo "2136"]
[PlyCount "0"]
[EventDate "2023.07.22"]
[EventRounds "9"]
[EventCountry "ENG"]

1. d4 Nf6 2. Nf3 d5 3. c4 e6 4. Nc3 Nbd7 5. Bg5 c6 6. e3 Qa5 7. Nd2 Bb4 8. Rc1 O-O
9. Bh4 e5 10. dxe5 Ne4 11. Ncxe4 dxe4 12. a3 Bxd2+ 13. Qxd2 Qxd2+ 14. Kxd2 Nxe5 15.
Kc3 f6 16. h3 Be6 17. Be2 b5 18. b3 a5 19. cxb5 cxb5 20. Bxb5 Rab8 21. a4 Rfc8+ 22.
Kd2 Rd8+ 23. Ke2 Bxb3 24. Bg3 Rbc8 25. Bxe5 fxe5 26. Bc6 Rb8 27. f3 exf3+ 28. Kxf3
Rb4 29. e4 h6 30. Rc5 Bxa4 31. Bd5+ Kh7 32. Rxa5 Rd4 33. Rc1 Bb3 34. Rcc5 Rf8+ 35.
Ke3 Bxd5 36. Rxd5 Rb4 37. Rxe5 Rb2 38. Rf5 Re8 39. h4 Rxg2 40. h5 Rg1 41. e5 Re1+
42. Kd2 Re4 43. Kd3  1/2-1/2

[Event "British Chess Championships 2023: British Championship"]
[Site "The Venue, De Montfort University, 20 Western Boulevard, Leicester, LE2 7BU"]
[Date "2023.07.23"]
[Round "2"]
[Board "14"]
[White "Pert, Richard G"]
[Black "Stoica, Savas Marin"]
[Result "1/2-1/2"]
[WhiteElo "2421"]
[BlackElo "2156"]
[PlyCount "0"]
[EventDate "2023.07.22"]
[EventRounds "9"]
[EventCountry "ENG"]

1. e4 e6 2. d4 d5 3. Nd2 c5 4. Ngf3 cxd4 5. exd5 Qxd5 6. Bc4 Qd6 7. O-O Nf6 8. Nb3
Nc6 9. Nbxd4 Nxd4 10. Qxd4 Qxd4 11. Nxd4 Bc5 12. Nb3 Bb6 13. a4 a5 14. Nd2 Bd7 15.
Be2 Bc6 16. Nc4 Bc7 17. Rd1 O-O 18. Be3 Be4 19. Bd3 Bc6 20. Bb6 Rfc8 21. Bxc7 Rxc7
22. c3 Kf8 23. Ne5 Be8 24. Bc2 Ke7  1/2-1/2